书目信息 |
| 题名: |
乡村景观旅游规划设计的理论与实践
|
|
| 作者: | 王云才, 著 | |
| 分册: | ||
| 出版信息: | 北京 科学出版社 2004.3 |
|
| 页数: | 283页 | |
| 开本: | 24cm | |
| 丛书名: | ||
| 单 册: | ||
| 中图分类: | F592.1 | |
| 科图分类: | ||
| 主题词: | 乡村--xiang cun--旅游经济--经济规划--中国 | |
| 电子资源: | ||
| ISBN: | 7-03-012683-1 | |
| 000 | 00757nam0 2200241 450 | |
| 001 | CAL 012004048237 | |
| 005 | 20050914155125.38 | |
| 010 | @a7-03-012683-1@dCNY 38.00 | |
| 099 | @aCAL 012004048237 | |
| 100 | @a20040513d2004 em y0chiy0121 ea | |
| 101 | 0 | @achi |
| 102 | @aCN@b110000 | |
| 105 | @aak a 000yy | |
| 200 | 1 | @a乡村景观旅游规划设计的理论与实践@Axiang cun jing guan lv you gui hua she ji de li lun yu shi jian@f王云才著 |
| 210 | @a北京@c科学出版社@d2004.3 | |
| 215 | @a283页@c图@d24cm | |
| 320 | @a有书目 (第275-281页) | |
| 606 | 0 | @a乡村@Axiang cun@x旅游经济@x经济规划@y中国 |
| 690 | @aF592.1@v4 | |
| 701 | 0 | @a王云才,@Awang yun cai@f1967-@4著 |
| 801 | 0 | @aCN@bSJT@c20050914 |
| 905 | @a10447@dF592.1@eW440 | |
| 906 | @dCNY38.00@n0@r1 | |
| 乡村景观旅游规划设计的理论与实践/王云才著.-北京:科学出版社,2004.3 |
| 283页:图;24cm |
| ISBN 7-03-012683-1:CNY 38.00 |
| ● |
| 相关链接 |
|
|
|
正题名:乡村景观旅游规划设计的理论与实践
索取号:F592.1/W440
 
预约/预借
| 序号 | 登录号 | 条形码 | 馆藏地/架位号 | 状态 | 备注 |
| 1 | 551756 | 205517564 | 社科库409/400B社科库 2排2列5层/ [索取号:F592.1/W440] | 在馆 | |
| 2 | 551757 | 205517573 | 社科二线422/409社科库 39排6列3层/ [索取号:F592.1/W440] | 在馆 | |
| 3 | 551758 | 205517582 | 社科库409/409社科库 39排6列3层/ [索取号:F592.1/W440] | 在馆 |